000 00317nam a22001337a 4500
008 170825b xxu||||| |||| 00| 0 eng d
020 _a9780072530742
041 _aeng
080 _28 ED
_a070
100 _a40
101 _aMED
245 _aPUBLIC SPEAKING FOR COLLEGE CAREER
_cGREGORY.H
942 _2udc
_cBK
999 _c24982
_d24982